00730nam a2200241 i 450000100060000000300090000600500170001500700030003200800410003502000180007608000170009410000230011124501110013425000120024526000350025730000410029249000270033350000130036050400330037365000220040683000270042885200330045511231ES-MaACL20250728100639.0t|960325s1995 sp ||||1| spa d a84-233-2589-X a141.332(091)1 aWashington, Peter.13aEl Mandril de Madame Blavatsky b: historia de la teosofía y del gurú occidental / cPeter Washington. a1ª ed. aBarcelona : bDestino, c1995. a448 p., [16] p. de lám. ; c23 cm.1 aOráculo manual ; v2 aIndices. aBibliografía : p. 419-429. 7aTeosofía2embne0 aOráculo manual ; v2 aES-MaACLjL-18626 bR.124874